AH International Schools' Libraries

(KHMER) Science of the five senses / (Record no. 50012)

MARC details
000 -LEADER
fixed length control field 00384nam a2200133 4500
020 ## - INTERNATIONAL STANDARD BOOK NUMBER
International Standard Book Number 9789924654636
100 ## - MAIN ENTRY--PERSONAL NAME
Personal name Meng Chea Sodawangsi
9 (RLIN) 87062
245 ## - TITLE STATEMENT
Title (KHMER) Science of the five senses /
Statement of responsibility, etc Meng Chea Sodawangsi
260 ## - PUBLICATION, DISTRIBUTION, ETC. (IMPRINT)
Place of publication, distribution, etc Cambodia
Name of publisher, distributor, etc Mindbooks Publishing
Date of publication, distribution, etc 2024
300 ## - PHYSICAL DESCRIPTION
Extent 31 p.
Other physical details col. ill.
Dimensions 20 cm.
490 ## - SERIES STATEMENT
Series statement Mindkids:S-16
650 ## - SUBJECT ADDED ENTRY--TOPICAL TERM
Topical term or geographic name as entry element Senses
9 (RLIN) 85057
942 ## - ADDED ENTRY ELEMENTS (KOHA)
Source of classification or shelving scheme
Koha item type Book
Holdings
Withdrawn status Lost status Source of classification or shelving scheme Damaged status Not for loan Collection code Home library Current library Shelving location Date acquired Full call number Barcode Date last seen Price effective from Koha item type
          Siem Riep Asian Hope Siem Reap Asian Hope Siem Reap SECONDARY 01/12/2026 KHMER 612.87 MEN 209868 01/12/2026 01/12/2026 Book

For any Logos Library related questions please contact Miss Art at swongnarasuk@asianhope.org.

For any Asian Hope Library related questions please contact Miss Raza at graza@asianhope.org.

Click here to explore our ebooks!

Powered by Koha